| 000 | 00700nam a22002057a 4500 | ||
|---|---|---|---|
| 999 |
_c57759 _d57759 |
||
| 005 | 20201105121144.0 | ||
| 008 | 201105s2016 enk||||| |||| 00| 0 eng d | ||
| 020 | _a9780198818854 | ||
| 041 | _aeng | ||
| 080 | _a341.24 H-80 | ||
| 100 |
_aMargot Horspool (Author) _99698 |
||
| 245 |
_aEuropean Union Law / _cMargot Horspool (Author), Matthew Humphreys (Author), Michael Wells-Greco (Author) |
||
| 250 | _a10th edition | ||
| 264 |
_aOxford : _bOxford University Press, _c2016. |
||
| 300 |
_a736 p. _b25 cm. |
||
| 653 | _aსამართალი | ||
| 700 |
_aHumphreys, Matthew _eავტორი _99699 |
||
| 700 |
_aWells-Greco, Michael _eავტორი _99700 |
||
| 942 |
_2udc _cBK |
||